Statistics for Celtics All-Time Leaders

Click here to take the quiz!

General Stats

  • This quiz has been taken 46 times
  • The average score is 35 of 52

Answer Stats

Stat#Player% Correct
Value Over Replacement Player77.2Larry Bird
100%
Triple-Doubles59Larry Bird
100%
OWS86.8Larry Bird
100%
RPG22.5Bill Russell
98%
Rebounds21620Bill Russell
98%
Minutes Per Game42.3Bill Russell
98%
DWS133.6Bill Russell
98%
WS163.5Bill Russell
98%
3-Point FGs1823Paul Pierce
93%
3-Point FG Attempts4928Paul Pierce
93%
Free Throw Attempts7979Paul Pierce
93%
Steals1583Paul Pierce
93%
Turnovers3213Paul Pierce
93%
Free Throws6434Paul Pierce
93%
BPG1.7Kevin McHale
91%
Offensive Rebounds3450Robert Parish
91%
Defensive Rebounds7601Robert Parish
91%
Blocks1703Robert Parish
91%
Minutes46471John Havlicek
88%
Games1270John Havlicek
88%
Points26395John Havlicek
88%
FG Made10513John Havlicek
88%
Personal Fouls3281John Havlicek
88%
FGs Missed13417John Havlicek
88%
2 PT FG Attempts23930John Havlicek
88%
FG Attempts23930John Havlicek
88%
2 PT FG10513John Havlicek
88%
Assists6945Bob Cousy
84%
FT%.914Ray Allen
74%
Assist %41.6Rajon Rondo
70%
APG8.5Rajon Rondo
70%
SPG1.9Rajon Rondo
70%
Offensive Box Plus/Minus6.3Isaiah Thomas
63%
Usage %31.8Isaiah Thomas
63%
PPG24.7Isaiah Thomas
63%
PER24.6Kyrie Irving
53%
Box Plus/Minus7.2Kyrie Irving
53%
2-PT FG%.735Robert Williams
35%
Defensive Box Plus/Minus3.1Robert Williams
35%
Block %7.4Robert Williams
35%
EFG%.732Robert Williams
35%
Offensive RTG142.4Robert Williams
35%
FG%.732Robert Williams
35%
TS%.733Robert Williams
35%
WS Per 48 Mins.249Robert Williams
35%
Defensive RTG94.0Paul Silas
14%
Turnover %6.6Sam Hauser
9%
Offensive Rebound %15.2Leon Powe
7%
3-PT%.444Malcolm Brogdon
7%
Defensive Rebound %29.8Alton Lister
5%
Rebound %20.4Alton Lister
5%
Steal %3.3Quinn Buckner
5%

Score Distribution

Percentile by Number Answered

Percent of People with Each Score

Your Score History

You have not taken this quiz